International financial reporting standard for small and medium-sized entities (IFRS for SMEs). (Record no. 4062)

MARC details
005 - DATE AND TIME OF LATEST TRANSACTION
control field 20250614084700.0
020 ## - INTERNATIONAL STANDARD BOOK NUMBER
International Standard Book Number 978-1-907026-17-1
082 ## - DEWEY DECIMAL CLASSIFICATION NUMBER
Classification number LECT 657.3 IAS
111 ## - MAIN ENTRY--MEETING NAME
Meeting name or jurisdiction name as entry element IASB
245 ## - TITLE STATEMENT
Title International financial reporting standard for small and medium-sized entities (IFRS for SMEs).
260 ## - PUBLICATION, DISTRIBUTION, ETC.
Place of publication, distribution, etc. London,
Name of publisher, distributor, etc. IASCF,
Date of publication, distribution, etc. 2009.
300 ## - PHYSICAL DESCRIPTION
Extent 230P.: ill.; figure, tables.
Dimensions 25cm.
856 ## - ELECTRONIC LOCATION AND ACCESS
Link text Access online book
Electronic name International financial reporting standard for small and medium-sized entities (IFRS for SMEs).
Path www.iasb.org
942 ## - ADDED ENTRY ELEMENTS (KOHA)
Source of classification or shelving scheme Dewey Decimal Classification
Koha item type Books
Holdings
Date last seen Total checkouts Full call number Barcode Cost, replacement price Price effective from Koha item type Lost status Source of classification or shelving scheme Damaged status Not for loan Withdrawn status Home library Current library Shelving location Date acquired Cost, normal purchase price
06/14/2025   LECT 657.3 IAS 00000013025 150000.00 06/14/2025 Books   Dewey Decimal Classification       College of Business Education Main Library College of Business Education Main Library General Collection 10/22/2015 50000.00